000
00244nam a2200097Ia 4500
001
642432
005
20250826153526.0
008
250824s9999 xx 000 0 und d
245
0
_a
Ruby Rogers Kime Bakıyorsun Öyle?
_c
Sue Limb
260
_b
ALTIN
999
_c
642432
_d
642432